Zbornik radova 1980

Gespeichert in:
Bibliographische Detailangaben
Format: Buch
Sprache:Serbisch
Veröffentlicht: Sarajevo Ekonomski fakultet 1980
Tags: Tag hinzufügen
Keine Tags, Fügen Sie das erste Tag hinzu!

MARC

LEADER 00000nam a2200000 4500
001 c142382
005 20250701083707.6
041 0 |a srp 
044 |a YU 
245 1 0 |a Zbornik radova 1980 
264 1 |a Sarajevo  |b Ekonomski fakultet  |c 1980 
300 |a 382 s.